Normal view
MARC view
- Waqar Ul Shams
Entry Personal Name
001 - CONTROL NUMBER
- control field: 125652
003 - CONTROL NUMBER IDENTIFIER
- control field: NUST
005 - DATE AND TIME OF LATEST TRANSACTION
- control field: 20240903163010.0
008 - FIXED-LENGTH DATA ELEMENTS
- fixed length control field: 240903|| aca||aabn | a|a d
040 ## - CATALOGING SOURCE
- Original cataloging agency: NUST
- Transcribing agency: NUST
100 ## - HEADING--PERSONAL NAME
- Personal name: Waqar Ul Shams
670 ## - SOURCE DATA FOUND
- Source citation: Work cat.: (NUST): Waqar Ul Shams, DETERMINING THE AWARENESS ABOUT THE HARASSMENT LAWS IN PUBLIC HOSPITALS OF ISLAMABAD: PERCEPTIONS OF FEMALE DOCTORS/
